000
00292nam a2200109Ia 4500
008
190216s9999||||xx |||||||||||||| ||und||
100
_a
Hooda Ds--&Amp;Kapur Jn
245
0
_a
Aryabhata Life And Contributions
260
_b
New Age International Publishers
_c
1996
300
_a
130p
942
_c
BK
999
_c
33315
_d
33315